000
00272nam a2200121 a 4500
008
101025s1966|||| d
245
1
0
_a
Chlieb a hry
100
1
_a
Lenz, Siegfried
044
_a
xo
_c
SK
041
_a
slo
260
_b
Šport
_a
Bratislava
_c
1966
020
_c
13
999
_c
12142
_d
12142